[Event "Verbandsliga Nordbaden 2223"]
[Site "Germany"]
[Date "2023.05.07"]
[Round "9.5"]
[White "Abu Risha, Oliver"]
[Black "Diehlmann, Florian"]
[Result "0-1"]
[WhiteElo "1831"]
[BlackElo "1707"]
[PlyCount "84"]
[EventDate "2022.09.25"]
[EventType "team-tourn"]
[EventRounds "9"]
[EventCountry "GER"]
[SourceTitle "EXT 2024"]
[Source "ChessBase"]
[SourceDate "2023.10.10"]
[SourceVersion "1"]
[SourceVersionDate "2023.10.10"]
[SourceQuality "1"]
[WhiteTeam "Lindenhof"]
[BlackTeam "Weinheim"]
[WhiteTeamCountry "GER"]
[BlackTeamCountry "GER"]

1. e4 d6 2. d4 Nf6 3. Nc3 Nbd7 4. f4 e5 5. Nf3 exd4 6. Qxd4 c6 7. Be3 d5 8. Qd2 dxe4 9. Ng5 Bb4 10. Bc4 0-0 11. a3 Bxc3 12. Qxc3 Nb6 13. Bxb6 axb6 14. 0-0 h6 15. Rad1 Qc7 16. Nh3 Bg4 17. Rde1 Bxh3 18. Qxh3 Rad8 19. Re2 Rd4 20. Bb3 Rfd8 21. Qf5 Rd2 22. Rfe1 b5 23. c3 R8d6 24. Bc2 R6d5 25. Qh3 Rxe2 26. Rxe2 Qxf4 27. Qe3 Qxe3+ 28. Rxe3 Rd2 29. Bxe4 Rd1+ 30. Kf2 Ng4+ 31. Ke2 Nxe3 32. Kxe3 Kf8 33. h4 Ke7 34. h5 Rh1 35. g4 Rh2 36. b4 Ra2 37. Kd4 Kd6 38. Bh7 Rxa3 39. Bg8 f6 40. Bf7 Ra1 41. Bg6 Re1 42. Bf5 b6 0-1

[Event "Verbandsliga Nordbaden 2223"]
[Site "Germany"]
[Date "2023.03.05"]
[Round "7.7"]
[White "Schmitt, Katrin"]
[Black "Abu Risha, Oliver"]
[Result "0-1"]
[WhiteElo "1821"]
[BlackElo "1831"]
[PlyCount "56"]
[EventDate "2022.09.25"]
[EventType "team-tourn"]
[EventRounds "9"]
[EventCountry "GER"]
[SourceTitle "EXT 2024"]
[Source "ChessBase"]
[SourceDate "2023.10.10"]
[SourceVersion "1"]
[SourceVersionDate "2023.10.10"]
[SourceQuality "1"]
[WhiteTeam "Bad Mergentheim II"]
[BlackTeam "Lindenhof"]
[WhiteTeamCountry "GER"]
[BlackTeamCountry "GER"]

1. e4 c5 2. Nf3 e6 3. d4 cxd4 4. Nxd4 a6 5. a3 Nf6 6. Nc3 Qc7 7. Be2 b5 8. 0-0 Bb7 9. f3 h5 10. Be3 h4 11. a4 b4 12. Na2 Bd6 13. e5 Bxe5 14. f4 Bd6 15. h3 Nd5 16. Qd2 0-0 17. Kh1 Nc6 18. c3 Nxd4 19. Qxd4 e5 20. fxe5 Bxe5 21. Qc5 bxc3 22. Nxc3 Qxc5 23. Bxc5 Rfc8 24. Nxd5 Bxd5 25. Rac1 Bxb2 26. Rc2 Ba3 27. Bf3 Bxf3 28. Rxf3 Bxc5 0-1

[Event "Nittenau-ch 16th"]
[Site "Nittenau"]
[Date "2016.09.18"]
[Round "4"]
[White "Abu Risha, Oliver"]
[Black "Waldmueller, Jakob"]
[Result "0-1"]
[WhiteElo "1652"]
[BlackElo "1666"]
[PlyCount "134"]
[EventDate "2016.09.16"]
[EventType "swiss"]
[EventRounds "5"]
[EventCountry "GER"]
[SourceTitle "EXT 2022"]
[Source "ChessBase"]
[SourceDate "2021.10.06"]
[SourceVersion "1"]
[SourceVersionDate "2021.10.06"]
[SourceQuality "1"]

1. e4 e6 2. d4 d5 3. Nd2 c5 4. exd5 Qxd5 5. Ngf3 cxd4 6. Bc4 Qd7 7. Nb3 Bb4+ 8. Bd2 Bxd2+ 9. Qxd2 Nc6 10. 0-0-0 Nf6 11. h3 0-0 12. g4 a6 13. Nbxd4 Nxd4 14. Nxd4 b5 15. Bd3 Bb7 16. Rhg1 Rfd8 17. Ne2 Qc7 18. f4 Rac8 19. Kb1 Qc5 20. Nc1 b4 21. Qe2 a5 22. Nb3 Qb6 23. Bc4 a4 24. Nc1 a3 25. Rxd8+ Rxd8 26. Rd1 Ra8 27. Qe5 Bd5 28. Qd4 Qc7 29. b3 Bxc4 30. bxc4 Rc8 31. Nb3 h6 32. g5 Nd5 33. gxh6 Qxc4 34. Na1 Qc3 35. hxg7 Nxf4 36. Qxc3 Rxc3 37. h4 Rh3 38. Nb3 Nd5 39. Rg1 Rxh4 40. Kc1 Nc3 41. Kd2 Nxa2 42. Nc5 Nc3 43. Ke3 Rh7 44. Nd7 Nd5+ 45. Kd4 Rxg7 46. Rb1 Rg2 47. Kd3 Rg3+ 48. Kd4 Kg7 49. Nc5 Kg6 50. Nd3 Kf5 51. Rf1+ Kg6 52. Ne5+ Kh5 53. Rh1+ Kg5 54. Nxf7+ Kf6 55. Rf1+ Ke7 56. Ne5 Rg2 57. Kd3 Kd6 58. Nc4+ Kc5 59. Nd2 Rg3+ 60. Ke2 Nc3+ 61. Kf2 Rg8 62. Re1 Kd5 63. Nb3 Ra8 64. Kg2 Rc8 65. Re3 Nb5 66. Re2 Nd4 67. Rd2 Rxc2 0-1

[Event "Nittenau-ch 16th"]
[Site "Nittenau"]
[Date "2016.09.17"]
[Round "2"]
[White "Eichinger, Bernd"]
[Black "Abu Risha, Oliver"]
[Result "0-1"]
[WhiteElo "1230"]
[BlackElo "1652"]
[PlyCount "72"]
[EventDate "2016.09.16"]
[EventType "swiss"]
[EventRounds "5"]
[EventCountry "GER"]
[SourceTitle "EXT 2022"]
[Source "ChessBase"]
[SourceDate "2021.10.06"]
[SourceVersion "1"]
[SourceVersionDate "2021.10.06"]
[SourceQuality "1"]

1. d4 Nf6 2. c4 g6 3. Nc3 d5 4. Bg5 Ne4 5. Bh4 Nxc3 6. bxc3 Bg7 7. e3 c5 8. Nf3 Nc6 9. Be2 0-0 10. 0-0 Bf5 11. Qb3 Na5 12. Qa4 Nxc4 13. Bxc4 dxc4 14. Qxc4 Rc8 15. Qb3 Qd7 16. Bg3 c4 17. Qb4 Rfe8 18. Rfd1 Qd5 19. Rd2 b5 20. a4 a6 21. axb5 Qxb5 22. Rb2 Bd7 23. Ra5 Qxb4 24. Rxb4 Bb5 25. Nd2 e5 26. Nf3 exd4 27. exd4 Re2 28. h3 Rc2 29. Ra3 Bf8 30. Rxb5 axb5 31. Ra5 Rxc3 32. Rxb5 Rb3 33. Ra5 c3 34. Ra7 f6 35. Ra6 Bg7 36. d5 c2 0-1